000 00887nac a22002537a 4500
001 BR8003770
003 BR-BrBNA
005 20240105114725.0
008 230509b bl.|||m| |||| 00| 0 por d
040 _aBR-BrBNA
_bpor
_cBiblioteca Nacional de Agricultura
072 _aF10
090 _aF10 BR8003770
100 1 _aGomes, M.A.F.
110 1 _aUniversidade Estadual Paulista Julio de Mesquita Filho, Sao Jose do Rio Preto, SP (Brasil). Inst. de Biociencias, Letras e Ciencias Exatas
_910703
245 1 _aO Nordeste seco: Apreciacao panoramica [Brasil]
260 3 _aSao Jose do Rio Preto, SP (Brasil):
_c1980.
300 _a15 p.
490 _aInter-Facies. Escritos e Documentos (Brazil)
_vno. 25
_x
500 _aBibliography p. 8-15 (66 ref.)
650 _aSECA
650 _aREGIAO NORDESTE
909 _a202312
_bLúcia Elande
_c55
_dLúcia Elande
942 _2AGRIS
_n0
_cMS
999 _c270957
_d270957